[Event "17. European Team Championship 2009"]
[Site "Novi Sad SRB"]
[Date "2009.10.30"]
[Round "9.163"]
[White "Dineley, Richard"]
[Black "Docx, Stefan"]
[Result "0-1"]
[WhiteElo "2270"]
[BlackElo "2384"]
[PlyCount "94"]
[EventDate "2009.10.22"]
[EventType "team"]
[EventRounds "9"]
[EventCountry "SER"]
[Source "lmi"]
[SourceDate "2009.10.22"]

1. e4 c5 2. Nf3 e6 3. d4 cxd4 4. Nxd4 Nf6 5. Nc3 d6 6. Be2 a6 7. O-O b5 8. Bf3
Ra7 9. Re1 Rc7 10. a4 b4 11. Na2 e5 12. Nb3 Nc6 13. Be3 Rb7 14. Be2 Rb8 15. c4
bxc3 16. Nxc3 Be7 17. a5 O-O 18. Bb6 Rxb6 19. axb6 Qxb6 20. Nd5 Nxd5 21. exd5
Nb4 22. Na5 Bd7 23. Qd2 Rc8 24. Nc4 Qb8 25. Bf1 h6 26. Ra5 Bd8 27. Ra3 Bg5 28.
Qd1 Bb5 29. Rc3 Rc5 30. Nxe5 Rxd5 31. Qg4 Qb7 32. Qxb4 dxe5 33. Rd3 a5 34. Qb3
Rc5 35. Rdd1 Qc6 36. Bxb5 Qxb5 37. Qxb5 Rxb5 38. Re2 f5 39. g3 Bf6 40. Ra1 e4
41. Ra2 Kf7 42. Rc2 Ke6 43. Rc6+ Kf7 44. Ra6 Bd8 45. Ra8 Bb6 46. Rb8 Bxf2+ 47.
Kxf2 Rxb8 0-1

[Event "17. European Team Championship 2009"]
[Site "Novi Sad SRB"]
[Date "2009.10.30"]
[Round "9.164"]
[White "Polaczek, Richard"]
[Black "Bennett, Alan"]
[Result "1-0"]
[WhiteElo "2381"]
[BlackElo "2108"]
[PlyCount "35"]
[EventDate "2009.10.22"]
[EventType "team"]
[EventRounds "9"]
[EventCountry "SER"]
[Source "lmi"]
[SourceDate "2009.10.22"]

1. d4 d5 2. c4 dxc4 3. e3 e5 4. Bxc4 exd4 5. exd4 Bd6 6. Nf3 Nf6 7. O-O O-O 8.
Nc3 Nc6 9. h3 h6 10. Qc2 Na5 11. Bd3 Be6 12. Re1 Nc6 13. a3 a6 14. Bd2 Re8 15.
Rxe6 fxe6 16. Bc4 Bf8 17. Qd3 Qd6 18. Ne4 1-0

[Event "17. European Team Championship 2009"]
[Site "Novi Sad SRB"]
[Date "2009.10.30"]
[Round "9.181"]
[White "Berend, Fred"]
[Black "Gunnarsson, Jon Viktor"]
[Result "1-0"]
[WhiteElo "2371"]
[BlackElo "2462"]
[PlyCount "117"]
[EventDate "2009.10.22"]
[EventType "team"]
[EventRounds "9"]
[EventCountry "SER"]
[Source "lmi"]
[SourceDate "2009.10.22"]

1. d4 Nf6 2. c4 c5 3. d5 b5 4. cxb5 a6 5. bxa6 g6 6. Nc3 Bxa6 7. g3 d6 8. Bg2
Bg7 9. Nf3 Nbd7 10. Rb1 O-O 11. O-O Ne8 12. Re1 Nc7 13. a4 Nb6 14. e4 Bc8 15.
Qc2 Bg4 16. b3 Qc8 17. Bb2 Bh3 18. Bh1 Qa6 19. Nd1 Rfb8 20. Bxg7 Kxg7 21. Ne3
f6 22. Nd2 Re8 23. Bf3 e6 24. Ra1 exd5 25. exd5 Qa5 26. Ndc4 Nxc4 27. Qxc4 Rab8
28. Qf4 Re5 29. g4 h5 30. Rec1 Rxb3 31. gxh5 Rbxe3 32. h6+ Kh7 33. Qxf6 Ne8 34.
Qf7+ Kxh6 35. Qf8+ Kh7 36. fxe3 Qd2 37. Kh1 Qxe3 38. Qf7+ Ng7 39. Rg1 Bf5 40.
Rg3 Qf2 41. Rag1 g5 42. Bg2 Qd2 43. Rf1 Re1 44. Rgf3 Re2 45. Rxf5 Rxg2 46. R5f2
Rxf2 47. Qxf2 Qxd5+ 48. Qg2 Qc4 49. a5 d5 50. Ra1 Qc3 51. Qf1 Ne6 52. a6 Nf4
53. a7 Qd4 54. Qb1+ Nd3 55. Qb7+ Kg6 56. Ra6+ Kh5 57. Qf7+ Kg4 58. Qe6+ Kh4 59.
a8=Q 1-0

[Event "17. European Team Championship 2009"]
[Site "Novi Sad SRB"]
[Date "2009.10.30"]
[Round "9.183"]
[White "Linster, Philippe"]
[Black "Thorfinnsson, Bjorn"]
[Result "0-1"]
[WhiteElo "2230"]
[BlackElo "2395"]
[PlyCount "118"]
[EventDate "2009.10.22"]
[EventType "team"]
[EventRounds "9"]
[EventCountry "SER"]
[Source "lmi"]
[SourceDate "2009.10.22"]

1. d4 Nf6 2. c4 e6 3. Nc3 c5 4. d5 exd5 5. cxd5 d6 6. e4 g6 7. h3 Bg7 8. Nf3
O-O 9. Bd3 Re8 10. O-O a6 11. a4 Nbd7 12. Bf4 Qe7 13. Qd2 Nh5 14. Bg5 Bf6 15.
Be3 Ne5 16. Be2 Nxf3+ 17. Bxf3 Ng7 18. Rab1 b5 19. b4 cxb4 20. Rxb4 a5 21. Rxb5
Ba6 22. Rfb1 Bxb5 23. Nxb5 Be5 24. Rc1 Rec8 25. Be2 Ne8 26. Bg4 Rxc1+ 27. Qxc1
h5 28. Qc6 Rb8 29. Bc8 Nc7 30. Ba6 Nxa6 31. Qxa6 Qh4 32. Qa7 Rc8 33. Qd7 Rc2
34. Nxd6 Qf6 35. Qe8+ Kg7 36. Nxf7 Bf4 37. e5 Qxf7 38. Qxf7+ Kxf7 39. Bxf4 Rc5
40. e6+ Kf6 41. Bd2 Rxd5 42. Bc3+ Kxe6 43. Kf1 Rc5 44. Bd2 Kd5 45. g4 Kc4 46.
Ke2 Kb3 47. f4 hxg4 48. hxg4 Kxa4 49. Ke3 Kb3 50. Kd4 Rc4+ 51. Kd5 a4 52. f5
gxf5 53. gxf5 a3 54. Bh6 Rg4 55. f6 a2 56. f7 a1=Q 57. f8=Q Qd4+ 58. Ke6 Rg6+
59. Kf5 Qg4+ 0-1

[Event "17. European Team Championship 2009"]
[Site "Novi Sad SRB"]
[Date "2009.10.30"]
[Round "9.184"]
[White "Thorfinnsson, Bragi"]
[Black "Serban, Vlad"]
[Result "1-0"]
[WhiteElo "2360"]
[BlackElo "2206"]
[PlyCount "83"]
[EventDate "2009.10.22"]
[EventType "team"]
[EventRounds "9"]
[EventCountry "SER"]
[Source "lmi"]
[SourceDate "2009.10.22"]

1. Nf3 Nf6 2. c4 g6 3. Nc3 d5 4. cxd5 Nxd5 5. Qa4+ Bd7 6. Qh4 Bc6 7. Qd4 Rg8 8.
Ne5 e6 9. Nxc6 Nxc6 10. Qa4 Qd7 11. g3 Nb6 12. Qd1 h5 13. h4 Be7 14. Bg2 O-O-O
15. d3 f5 16. Be3 Nd4 17. a4 a5 18. Rc1 Kb8 19. Bxd4 Qxd4 20. Qb3 f4 21. gxf4
Qxf4 22. e3 Qg4 23. Be4 Bxh4 24. Nb5 Rdf8 25. Rc2 Be7 26. Rxc7 Bb4+ 27. Rc3 Nd5
28. Qc4 Rxf2 29. Kxf2 Rf8+ 30. Ke1 Qg3+ 31. Kd2 Rf2+ 32. Kc1 Bxc3 33. Nxc3
Qxe3+ 34. Kb1 Qd2 35. Qb3 Nb4 36. Na2 Re2 37. Nxb4 axb4 38. Bxg6 h4 39. Ka2 h3
40. Rxh3 Re1 41. Rh8+ Ka7 42. Qc4 1-0

[Event "17. European Team Championship 2009"]
[Site "Novi Sad SRB"]
[Date "2009.10.30"]
[Round "9.193"]
[White "Atakisi, Umut"]
[Black "Ribbegren, Karl Johan"]
[Result "1-0"]
[WhiteElo "2406"]
[BlackElo "2158"]
[PlyCount "91"]
[EventDate "2009.10.22"]
[EventType "team"]
[EventRounds "9"]
[EventCountry "SER"]
[Source "lmi"]
[SourceDate "2009.10.22"]

1. e4 g6 2. d4 d6 3. Nc3 c6 4. Nf3 Bg7 5. h3 Nd7 6. a4 e5 7. Be3 Ngf6 8. Qd2
O-O 9. Bd3 Re8 10. O-O exd4 11. Bxd4 Ne5 12. Nxe5 dxe5 13. Be3 Be6 14. a5 Qc7
15. Na4 Nd7 16. Qc3 b6 17. b4 Bf8 18. Rfd1 Rab8 19. axb6 axb6 20. b5 Nc5 21.
Bxc5 bxc5 22. b6 Qb7 23. Rab1 Qe7 24. Bc4 Bxc4 25. Qxc4 Ra8 26. Rd3 Reb8 27.
Rdb3 Ra5 28. Nb2 Qd7 29. Rd1 Qe8 30. Qd3 Rb5 31. Nc4 Rb4 32. Rc3 Be7 33. Qd7
Qxd7 34. Rxd7 Bd8 35. Nxe5 Bf6 36. Rxc5 Rxe4 37. Ng4 Bd4 38. Rxc6 Re1+ 39. Kh2
Bxb6 40. Nh6+ Kg7 41. Nxf7 Bxf2 42. Ne5+ Kg8 43. Ng4 Bh4 44. Rcc7 h5 45. Rg7+
Kf8 46. Nh6 1-0

[Event "17. European Team Championship 2009"]
[Site "Novi Sad SRB"]
[Date "2009.10.30"]
[Round "9.194"]
[White "Iclicki, Willy"]
[Black "Firat, Burak"]
[Result "0-1"]
[WhiteElo "2052"]
[BlackElo "2365"]
[PlyCount "88"]
[EventDate "2009.10.22"]
[EventType "team"]
[EventRounds "9"]
[EventCountry "SER"]
[Source "lmi"]
[SourceDate "2009.10.22"]

1. d4 d5 2. c4 c6 3. Nf3 Nf6 4. e3 g6 5. Nc3 Bg7 6. Be2 O-O 7. O-O a6 8. a4 Bg4
9. Ne5 Bxe2 10. Qxe2 Ne4 11. Nf3 e6 12. Bd2 a5 13. Rfb1 Nxd2 14. Nxd2 Na6 15.
cxd5 exd5 16. Nf3 Re8 17. Rc1 Bf8 18. Na2 Bd6 19. Rc2 Re6 20. Nc1 Nb4 21. Rc3
Ra6 22. Nd3 Nxd3 23. Qxd3 Qe7 24. Rc2 Ra8 25. Nd2 f5 26. g3 Rf8 27. Nb3 g5 28.
Nc5 Rg6 29. Qb3 Rf7 30. Nd3 Qe4 31. Qc3 Bb4 32. Nxb4 axb4 33. Qd2 g4 34. Rd1
Rh6 35. Qd3 Qf3 36. e4 fxe4 37. Qxf3 exf3 38. Re1 Kf8 39. a5 Re7 40. Rxe7 Kxe7
41. a6 bxa6 42. Rc5 Re6 43. Kf1 Kd6 44. Ra5 Re2 0-1